Spell the Marvel Character #91 - Statistics

General Stats
  • This quiz has been taken 23 times
  • The average score is 6 of 6
Answer Stats
Picture Answer % Correct
Beta-Ray Bill
100%
Drax
100%
America Chavez
94%
Blade
94%
Emma Frost
94%
Lockheed
82%
No matching quizzes found
Score Distribution
Percent of People with Each Score
Percentile by Number Answered
Your Score History
You have not taken this quiz